Pokémon-Les lieux de départ - Statistiques

Statistiques générales
  • Ce quiz a été pris 17 fois
  • Le résultat moyen est 6 sur 11
Statistiques - réponses
Région Lieux de départ % Correct
Kanto Bourg Palette
100%
Hoenn Bourg-en-Vol
80%
Johto Bourg Geon
73%
Kalos Bourg Croquis
53%
Unys Pavonnay
47%
Sinnoh Bonaugure
40%
Unys Renouet
40%
Alola Abords d'Ekaeka
33%
Galar Paddoxton
33%
Hisui Plage Premiépas
33%
Paldea Cuchalaga
27%
Aucun quiz correspondant
Distribution des résultats
% des personnes avec chaque résultat
Percentile par nombre de réponses
Votre historique - résultats
Vous n’avez pas pris ce quiz